Central Library OPAC University of Rajshahi

Plane Trigonometry / (Record no. 71257)

MARC details
000 -LEADER
fixed length control field 00589nam a2200217 a 4500
001 - CONTROL NUMBER
control field 71257
003 - CONTROL NUMBER IDENTIFIER
rucl marc code BD-RjUL
005 - DATE AND TIME OF LATEST TRANSACTION
control field 20211209082108.0
008 - FIXED-LENGTH DATA ELEMENTS--GENERAL INFORMATION
fixed length control field 170430s1954 bg a|||| |||| 00| 0 eng d
035 ## - SYSTEM CONTROL NUMBER
System control number (BD-RjUL)71472
040 ## - CATALOGING SOURCE
Original cataloging agency BD-RjUL
Language of cataloging eng
Transcribing agency BD-RjUL
041 ## - LANGUAGE CODE
Language code of text/sound track or separate title eng
082 ## - DEWEY DECIMAL CLASSIFICATION NUMBER
Edition number 23
Classification number 516.242
Author mark and year HAP 1954
100 ## - MAIN ENTRY--PERSONAL NAME
Personal name Hakim, A
9 (RLIN) 210824
245 ## - TITLE STATEMENT
Title Plane Trigonometry /
Statement of responsibility, etc. by A. Hakim and M. L. Nag.
260 ## - PUBLICATION, DISTRIBUTION, ETC. (IMPRINT)
Place of publication, distribution, etc. Dhaka :
Name of publisher, distributor, etc. Bookman,
Date of publication, distribution, etc. 1954.
300 ## - PHYSICAL DESCRIPTION
Pagination xvi, 384 p. :
Illustrations ill. ;
Size 19 cm
650 ## - SUBJECT ADDED ENTRY--TOPICAL TERM
Topical term or geographic name as entry element Plane Trigonometry
9 (RLIN) 136849
700 ## - ADDED ENTRY--PERSONAL NAME
Personal name Nag, M. L.
942 ## - ADDED ENTRY ELEMENTS (KOHA)
Source of classification or shelving scheme Dewey Decimal Classification
Koha item type Books
Holdings
Lost status Source of classification or shelving scheme Damaged status Not for loan Collection code Permanent Location Current Location Shelving location Date acquired Source of acquisition Cost, normal purchase price Total Checkouts Full call number Date last seen Copy number Koha item type
  Dewey Decimal Classification   Not For Loan Non-fiction Central Library, University of Rajshahi Central Library, University of Rajshahi Reading Room 01/05/9955 N/A 6.00   516.242 HAP 1954 30/04/2017 C-1 Books